000 00592nam a22002177a 4500
003 UA-OsUOA
001 120711
007 ta
008 20170209b un ||||| |||| 00| 0 ukr d
100 _aМазепа М.
090 _a82
_bМ13
942 _cSA
040 _aUA-OsUOA
_bukr
_cUA-OsUOA
_dUA-OsUOA
245 _aЛеся Українка в поетичній рецепції Володимира Лучука
300 _aС.41-49
955 _a0
041 _aukr
080 _a82
773 0 _w120705
650 7 _a82 Література. Літературознавство
_2UDC
999 _c406721
_d406721